| 000 | 00623nam a22001577a 4500 | ||
|---|---|---|---|
| 003 | OSt | ||
| 005 | 20151008154003.0 | ||
| 008 | 151008b xxu||||| |||| 00| 0 eng d | ||
| 040 | _cRUA | ||
| 082 | _aAVM KHA 2007 B080 Or.1 | ||
| 100 |
_92377 _aKHAN, LYNA. |
||
| 245 | _aEpidemiology of foot and mouth disease in mukampoul district, kandal province, កំរិតឆ្លងរាលដាលនៃជំងឺអុតក្តាមនៅក្នុងស្រុកមុខកំពុល ខេត្តកណ្តាល | ||
| 260 |
_aPhnom Penh _bRUA _c2007 |
||
| 300 |
_axiv; 41p. _bill. _c29cm. |
||
| 942 |
_2ddc _cAVM |
||
| 999 |
_c2239 _d2239 |
||